Prečo zaostáva slovenský internet?

Internet a faktory jeho rastu. Situácia šírenia Internetu na Slovensku a v krajinách našich susedov. Reálne využitie Internetu vo vybraných krajinách. Dôvody zaostávania SR vo využití Internetu.

Salvato in:
Dettagli Bibliografici
Autore principale: Závodný, Peter
Natura: Capitolo di libro
Lingua:slovacco
Soggetti:
Tags: Aggiungi Tag
Nessun Tag, puoi essere il primo ad aggiungerne!!

MARC

LEADER 00000naa a2200000 4500
001 r044814
005 20230808083046.5
041 0 |a slo 
044 |a SK 
245 1 0 |a Prečo zaostáva slovenský internet?  |c Peter Závodný 
520 |a Internet a faktory jeho rastu. Situácia šírenia Internetu na Slovensku a v krajinách našich susedov. Reálne využitie Internetu vo vybraných krajinách. Dôvody zaostávania SR vo využití Internetu. 
610 2 0 |a internet 
610 2 0 |a technológie informačné 
610 2 0 |a technológie komunikačné 
610 2 0 |a počítače 
610 2 0 |a Slovensko 
610 2 0 |a krajiny vyspelé 
610 2 0 |a komunikácia 
610 2 0 |a informácie 
100 1 |a Závodný, Peter